Castles in the air. (Record no. 12012)

000 -LEADER
fixed length control field 00521nam a2200181 a 4500
001 - CONTROL NUMBER
control field :::00009814$&:&@@
003 - CONTROL NUMBER IDENTIFIER
control field OkBaRHE
005 - DATE AND TIME OF LATEST TRANSACTION
control field 20000607103353.0
008 - FIXED-LENGTH DATA ELEMENTS--GENERAL INFORMATION
fixed length control field s1935 j 000 0 eng u
040 ## - CATALOGING SOURCE
Transcribing agency
100 1# - MAIN ENTRY--PERSONAL NAME
Personal name Freeman, Robert.
245 10 - TITLE STATEMENT
Title Castles in the air.
260 ## - PUBLICATION, DISTRIBUTION, ETC. (IMPRINT)
Place of publication, distribution, etc Pasadena, CA., :
Name of publisher, distributor, etc A. C. Vroman
Date of publication, distribution, etc c1935
300 ## - PHYSICAL DESCRIPTION
Extent 208 p. ;
Dimensions 19 cm.
650 ## - SUBJECT ADDED ENTRY--TOPICAL TERM
Topical term or geographic name as entry element Sermons
General subdivision American
942 ## - ADDED ENTRY ELEMENTS (KOHA)
Source of classification or shelving scheme
Koha item type Books
Copies
Damaged status Withdrawn status Koha item type Date acquired Copy number Date last seen Full call number Shelving location Lost status Barcode Permanent Location Price effective from Not for loan Source of classification or shelving scheme
  Books2010-04-1412010-04-14BV 4241 .F7General Stacks 9814RHEMA Bible Training College2010-04-14